[Event "AUTO-ADV-636"]
[Site "http://www.queenalice.com/game.php?id=265998"]
[Date "2007.9.3"]
[Round "1"]
[White "kiko_rs"]
[Black "kamu"]
[Result "0-1"]
[WhiteElo "1379"]
[BlackElo "1982"]

1. e4 Nf6 2. f3 d6 3. d4 g6 4. c4 Bg7 5. d5 Nfd7 6. f4 Nc5 7. Bd3 Nba6 8. Nf3
Bg4 9. Nc3 O-O 10. h3 Nxd3+ 11. Qxd3 Nb4 12. Qd1 Bxf3 13. gxf3 e6 14. a3 Na6 15.
e5 dxe5 16. fxe5 Qh4+ 17. Kf1 Qxc4+ 18. Kg2 Bxe5 19. Bh6 Rfd8 20. Re1 Bxc3 21.
Re4 Qxd5 22. Qc1 Bh8 23. Qf4 Bxb2 0-1

[Event "AUTO-ADV-636"]
[Site "http://www.queenalice.com/game.php?id=265999"]
[Date "2007.9.3"]
[Round "1"]
[White "kamu"]
[Black "kiko_rs"]
[Result "1-0"]
[WhiteElo "1958"]
[BlackElo "1516"]

1. d4 d5 2. c4 c5 3. cxd5 cxd4 4. Qxd4 Nf6 5. e4 Nc6 6. Qa4 Bd7 7. dxc6 Bxc6 8.
Bb5 Rc8 9. Bxc6+ bxc6 10. Nf3 e6 11. Be3 Qd3 12. Nc3 g6 13. Rd1 Qxd1+ 14. Nxd1
Bd6 15. e5 Bxe5 16. Nxe5 O-O 17. Bh6 Rfe8 18. Qf4 1-0

[Event "AUTO-ADV-636"]
[Site "http://www.queenalice.com/game.php?id=266008"]
[Date "2007.9.3"]
[Round "1"]
[White "doran"]
[Black "kamu"]
[Result "0-1"]
[WhiteElo "2000"]
[BlackElo "1960"]

1. Nf3 Nf6 2. d3 d5 3. Nbd2 c5 4. g3 Nc6 5. e4 g6 6. Bg2 Bg7 7. O-O O-O 8. c3 e5
9. Re1 h6 10. exd5 Nxd5 11. Nc4 Re8 12. Ne3 Be6 13. Qc2 Qd7 14. Nxd5 Bxd5 15.
Be3 b6 16. Re2 Ne7 17. Rae1 Rad8 18. Rd2 Kh7 19. d4 Qb7 20. Qd1 cxd4 21. cxd4 e4
22. Ne5 f6 23. f4 fxe5 24. dxe5 Rc8 25. Bh3 Rcd8 26. g4 Qa6 27. f5 gxf5 28. gxf5
Bxe5 29. Qh5 b5 30. Ree2 Bxa2 31. Bg5 Rg8 32. Rg2 Rxg5 0-1

[Event "AUTO-ADV-636"]
[Site "http://www.queenalice.com/game.php?id=266009"]
[Date "2007.9.3"]
[Round "1"]
[White "kamu"]
[Black "doran"]
[Result "1-0"]
[WhiteElo "1929"]
[BlackElo "2005"]

1. d4 g6 2. c4 Bg7 3. g3 d6 4. Bg2 Nc6 5. e3 Nf6 6. Nc3 O-O 7. Nge2 e5 8. O-O
Nh5 9. b3 f5 10. f4 e4 11. a3 a5 12. g4 Nf6 13. gxf5 gxf5 14. d5 Ne7 15. Nd4 Ng6
16. Bb2 Ng4 17. Qd2 Qh4 18. h3 Nf6 19. Ncb5 Rf7 20. Ne2 Nh5 21. Nec3 Qe7 22.
Rfd1 Nh4 23. Kh2 Nxg2 24. Qxg2 b6 25. Rg1 Bb7 26. Qg5 Qxg5 27. Rxg5 Nf6 28. Rxf5
Raf8 29. Rg1 Bc8 30. Rxf6 Rxf6 31. Rxg7+ Kxg7 32. Nxe4 Kg6 33. Nxf6 Rxf6 34.
Bxf6 Kxf6 35. e4 Bd7 36. Nxc7 1-0

[Event "Challenge"]
[Site "http://www.queenalice.com/game.php?id=279986"]
[Date "2007.10.2"]
[Round "-"]
[White "lupo1"]
[Black "kamu"]
[Result "0-1"]
[WhiteElo "1793"]
[BlackElo "1948"]

1. d4 Nf6 2. Nf3 c5 3. e3 d5 4. dxc5 e6 5. b4 a5 6. Bd2 axb4 7. Bxb4 b6 8. Bb5+
Bd7 9. Qd3 bxc5 10. Bxd7+ Nbxd7 11. Bd2 Ne4 12. c4 Qf6 13. Bc3 Qg6 14. Qf1 Nxc3
15. Nxc3 Qc2 16. Nd1 Be7 17. Qe2 Qxe2+ 18. Kxe2 Bf6 19. Rc1 Rxa2+ 20. Nd2 d4 21.
f4 O-O 22. e4 e5 23. g3 Re8 24. Rf1 exf4 25. Nf2 Bg5 26. gxf4 Bxf4 27. Rfd1 f5
28. Kf1 Bxd2 29. Rb1 fxe4 30. Kg2 Be3 31. Rf1 Rf8 32. Rb7 Ne5 33. Kg3 Bxf2+ 34.
Kh3 Rf3+ 35. Kg2 Be3+ 0-1

[Event "Challenge"]
[Site "http://www.queenalice.com/game.php?id=290139"]
[Date "2007.10.20"]
[Round "-"]
[White "gamelover"]
[Black "kamu"]
[Result "0-1"]
[WhiteElo "1609"]
[BlackElo "1978"]

1. d4 Nf6 2. c4 c5 3. d5 b5 4. f3 bxc4 5. e4 d6 6. Bxc4 g6 7. Ne2 Bg7 8. O-O O-O
9. Nec3 Nbd7 10. a4 Rb8 11. Na3 Ne8 12. Qc2 f5 13. Bg5 Rb4 14. f4 Nb6 15. Bd3
fxe4 16. Bxe4 h6 17. Bh4 Bf5 18. Rae1 Bd4+ 19. Kh1 Bxc3 20. bxc3 Rxe4 21. Rxe4
Nxd5 22. Rf3 Qc8 23. Bxe7 Rf7 24. Bh4 Nef6 25. Bxf6 Nxf6 26. Rfe3 Nxe4 27. Rxe4
d5 0-1

[Event "Challenge"]
[Site "http://www.queenalice.com/game.php?id=290637"]
[Date "2007.10.21"]
[Round "-"]
[White "Danilo"]
[Black "kamu"]
[Result "0-1"]
[WhiteElo "1517"]
[BlackElo "1980"]

1. e4 Nf6 2. Nc3 d5 3. e5 Nfd7 4. d4 c5 5. Nxd5 cxd4 6. Qxd4 Nc6 7. Qe4 Nc5 8.
Qf3 Nd4 9. Qc3 Qxd5 10. Be3 Nde6 11. Rd1 Qc6 12. Qb4 a5 13. Qh4 Nd7 14. a4 Qxc2
15. Bb5 Qxb2 16. Nf3 Nc7 17. Bxd7+ Bxd7 18. O-O Qa2 19. Qd4 Qxa4 20. Qd3 Bb5 21.
Qd2 Bxf1 22. Bb6 Bxg2 23. Bxc7 e6 24. Kxg2 Qg4+ 25. Kf1 Qc4+ 26. Kg1 Qxc7 27.
Qd3 a4 28. Nd4 Qxe5 29. Nf3 Qc7 30. Kh1 Ra5 31. Qd2 Rd5 32. Qe2 Rxd1+ 33. Qxd1
b5 34. Qd3 Qc4 35. Qxc4 bxc4 36. Nd4 Bc5 37. Nb5 a3 38. Nc7+ Kd7 39. Na6 Bd6 40.
Kg2 a2 41. Kf3 a1=Q 42. Nc5+ Bxc5 43. Kg4 Qd4+ 44. Kf3 Qxf2+ 45. Kg4 f5+ 46. Kg5
Be7+ 47. Kh5 Qxh2# 0-1

[Event "BOARD 3,DIV.F"]
[Site "http://www.queenalice.com/game.php?id=302408"]
[Date "2007.11.11"]
[Round "1"]
[White "saraquette"]
[Black "kamu"]
[Result "0-1"]
[WhiteElo "1813"]
[BlackElo "1988"]

1. d4 Nf6 2. Nf3 e6 3. a3 b6 4. b4 a5 5. b5 Bb7 6. e3 d5 7. a4 Nbd7 8. Bd3 c5 9.
c4 dxc4 10. Be2 cxd4 11. Qxd4 Nc5 12. Qxc4 Bd5 13. Qc2 Nb3 14. Qb2 Nxa1 15. Qxa1
Bb4+ 16. Bd2 Rc8 17. O-O Bxf3 18. Bxf3 Bxd2 19. Bc6+ Rxc6 20. bxc6 Bb4 21. Qd4
Qc7 22. Rd1 O-O 23. Qc4 Rc8 24. Rc1 h6 25. g3 Bc5 26. Qb5 Ne4 27. Rc4 Nd6 0-1

[Event "Challenge"]
[Site "http://www.queenalice.com/game.php?id=315875"]
[Date "2007.12.6"]
[Round "-"]
[White "mateuserafa"]
[Black "kamu"]
[Result "1-0"]
[WhiteElo "2052"]
[BlackElo "1985"]

1. e4 Nf6 2. e5 Nd5 3. d4 d6 4. c4 Nb6 5. exd6 exd6 6. Nf3 Be7 7. Nc3 O-O 8. Bd3
Bg4 9. h3 Bh5 10. O-O Nc6 11. g4 Bg6 12. Bxg6 fxg6 13. d5 Nb8 14. Nd4 Qd7 15.
Ne6 Re8 16. Qb3 Bh4 17. Be3 Kh8 18. Rae1 Na6 19. Re2 Qf7 20. f4 c5 21. f5 gxf5
22. Rxf5 Qd7 23. Rh5 Bf6 24. Qc2 g6 25. Qxg6 Be5 26. Ne4 1-0

[Event "Challenge"]
[Site "http://www.queenalice.com/game.php?id=315876"]
[Date "2007.12.6"]
[Round "-"]
[White "kamu"]
[Black "mateuserafa"]
[Result "0-1"]
[WhiteElo "1999"]
[BlackElo "2038"]

1. d4 Nf6 2. c4 c5 3. d5 b5 4. cxb5 a6 5. b6 Qxb6 6. Nc3 Bb7 7. e4 e6 8. Nf3
exd5 9. exd5 Bd6 10. Qe2+ Be7 11. Bg5 O-O 12. O-O-O Bd8 13. d6 Nc6 14. Bxf6 Bxf6
15. Nd5 Qd8 16. Qe4 Nb4 17. Bd3 Nxd3+ 18. Rxd3 Re8 19. Qc4 Rb8 20. b3 Re2 21.
Rd2 Rxd2 22. Nxd2 Bxd5 23. Qxd5 Qa5 24. Kd1 Qxa2 25. Qxc5 Bg5 0-1

[Event "BOARD 3,DIV.F"]
[Site "http://www.queenalice.com/game.php?id=392411"]
[Date "2008.4.23"]
[Round "2"]
[White "modestyblase"]
[Black "kamu"]
[Result "1-0"]
[WhiteElo "2215"]
[BlackElo "2009"]

1. d4 Nf6 2. c4 Nc6 3. Nf3 e6 4. a3 d6 5. Nc3 g6 6. e4 Bg7 7. Be2 O-O 8. b4 e5
9. d5 Nd4 10. O-O Re8 11. Bd3 Bg4 12. Be2 a5 13. b5 Bxf3 14. Bxf3 Nd7 15. Be3
Nb6 16. Be2 Qh4 17. g3 Qe7 18. Bd3 Qd7 19. Kg2 Rac8 20. Rb1 Kh8 21. h4 f5 22.
exf5 Nxf5 23. Bxb6 cxb6 24. h5 Bf6 25. Ne4 Bd8 26. Rh1 g5 27. Be2 Be7 28. h6 Rg8
29. Bg4 Rxc4 30. Qf3 Rf8 31. Rhc1 Rcc8 32. Bxf5 Rxf5 33. Rxc8+ Qxc8 34. Rc1 Qd7
35. Qg4 Kg8 36. Rc3 Bd8 37. a4 Rf7 38. Rc8 Qxg4 39. Rxd8+ Rf8 40. Nf6+ Kf7 41.
Rxf8+ Kxf8 42. Nxg4 Ke8 43. Nf6+ 1-0

[Event "AUTO-ADV-636"]
[Site "http://www.queenalice.com/game.php?id=420945"]
[Date "2008.6.21"]
[Round "2"]
[White "kamu"]
[Black "willyanF"]
[Result "1-0"]
[WhiteElo "2005"]
[BlackElo "1830"]

1. d4 Nf6 2. c4 e6 3. Nf3 d5 4. g3 Nc6 5. Bg2 h6 6. O-O b6 7. Ne5 Bb7 8. Qa4 Qd6
9. a3 Be7 10. cxd5 Nxd5 11. Nd2 O-O 12. Ndc4 b5 13. Qxb5 Qd8 14. Nxc6 Bxc6 15.
Qxc6 Rb8 16. Ne5 Rb6 17. Qa4 Qb8 18. Nd7 1-0

[Event "AUTO-ADV-636"]
[Site "http://www.queenalice.com/game.php?id=420946"]
[Date "2008.6.21"]
[Round "2"]
[White "willyanF"]
[Black "kamu"]
[Result "0-1"]
[WhiteElo "1840"]
[BlackElo "1995"]

1. d4 Nf6 2. c4 c5 3. dxc5 e6 4. b4 b6 5. Nc3 bxc5 6. b5 a6 7. Bg5 axb5 8. Nxb5
Be7 9. Nf3 O-O 10. e3 Bb7 11. Bd3 Bxf3 12. gxf3 Qa5+ 13. Ke2 Nc6 14. Rg1 Kh8 15.
Bc2 h6 16. Bh4 d5 17. a4 Rfd8 18. cxd5 Nxd5 0-1

[Event "Challenge"]
[Site "http://www.queenalice.com/game.php?id=430347"]
[Date "2008.7.9"]
[Round "-"]
[White "kamu"]
[Black "fictionist"]
[Result "1-0"]
[WhiteElo "1980"]
[BlackElo "1948"]

1. d4 b6 2. e4 Bb7 3. Bd3 e6 4. Nf3 Nf6 5. Qe2 Be7 6. O-O O-O 7. Nc3 h6 8. e5
Nd5 9. Qe4 f5 10. exf6 Bxf6 11. Qh7+ Kf7 12. Bxh6 Rh8 13. Ne5+ Bxe5 14. Bg6+ Ke7
15. Nxd5+ Bxd5 16. Bg5+ Bf6 17. Qxg7+ Kd6 18. Bxf6 Rg8 19. Qf7 Qf8 20. Be7+ 1-0

[Event "Ronin"]
[Site "http://www.queenalice.com/game.php?id=439227"]
[Date "2008.7.26"]
[Round "2"]
[White "kamu"]
[Black "Alaune"]
[Result "1/2-1/2"]
[WhiteElo "2016"]
[BlackElo "1830"]

1. d4 d5 2. c4 Nf6 3. cxd5 Nxd5 4. e4 Nb6 5. Nc3 e6 6. Nf3 N8d7 7. Bd3 Be7 8.
O-O O-O 9. Bf4 Nf6 10. Nb5 Bd6 11. Bg5 Be7 12. Bxf6 Bxf6 13. e5 Be7 14. Qc2 c6
15. Bxh7+ Kh8 16. Nc3 g6 17. Bxg6 fxg6 18. Qxg6 Rf5 19. Qh6+ Kg8 20. Qg6+ Kh8
21. Qh6+ Kg8 22. Qg6+ Kh8 23. Qh6+ 1/2-1/2

[Event "Prepare for an enjoyable game!"]
[Site "http://www.queenalice.com/game.php?id=442364"]
[Date "2008.8.1"]
[Round "-"]
[White "hildanknight"]
[Black "kamu"]
[Result "1-0"]
[WhiteElo "1926"]
[BlackElo "1975"]

1. c4 Nf6 2. g3 g6 3. Bg2 Bg7 4. Nc3 O-O 5. d3 d6 6. Bg5 h6 7. Bd2 c6 8. e4 e5
9. h3 Re8 10. Nge2 Na6 11. O-O Nc5 12. Be3 Ne6 13. d4 exd4 14. Nxd4 Nxd4 15.
Bxd4 Be6 16. Qd3 c5 17. Bxf6 Bxf6 18. Nd1 Bd4 19. Rb1 Qd7 20. h4 b5 21. cxb5
Bxa2 22. Ra1 Qe6 23. Rc1 Qb3 24. Qxb3 Bxb3 25. Re1 Rab8 26. Bf1 f5 27. Nc3 fxe4
28. Nxe4 d5 29. Nc3 Rf8 30. Re2 Rxf2 31. Rxf2 Rf8 32. Nd1 Bxd1 33. Rxd1 Bxf2+
34. Kh2 Be3 35. Bg2 d4 36. Be4 Rf2+ 37. Kh3 1-0